Statystyki dla Państwa graniczące z Rosją

Kliknij tutaj aby rozwiązać quiz!

Ogólne statystyki

  • Ten quiz został rozwiązany 189 razy
  • Średni wynik to 12 z 14

Statystyki odpowiedzi

długość granicyPaństwo% Poprawnych
1576 kmUkraina
97%
3645 kmChiny
96%
210 kmPolska
96%
959 kmBiałoruś
95%
227 kmLitwa
95%
6846 kmKazachstan
93%
250 kmŁotwa
93%
294 kmEstonia
92%
3485 kmMongolia
90%
1340 kmFinlandia
89%
723 kmGruzja
82%
19 kmKorea Północna
79%
284 kmAzerbejdżan
77%
169 kmNorwegia
70%

Rozkład punktacji

Percentyl według liczby udzielonych odpowiedzi

Procent ludzi z każdym wynikiem

Twoja historia wyników

Nie rozwiązałeś tego quizu